Sasyasamrakhanam / (Record no. 17825)
[ view plain ]
| 000 -LEADER | |
|---|---|
| fixed length control field | 00303nam a22001217a 4500 |
| 003 - CONTROL NUMBER IDENTIFIER | |
| control field | OSt |
| 008 - FIXED-LENGTH DATA ELEMENTS--GENERAL INFORMATION | |
| fixed length control field | 231114b |||||||| |||| 00| 0 eng d |
| 041 ## - LANGUAGE CODE | |
| Language code of text/sound track or separate title | mal |
| 100 ## - MAIN ENTRY--AUTHOR NAME | |
| Personal name | Joseph, A.K. |
| 245 ## - TITLE STATEMENT | |
| Title | Sasyasamrakhanam / |
| 260 ## - PUBLICATION, DISTRIBUTION, ETC. (IMPRINT) | |
| Place of publication | Thiruvannathapuram : |
| Name of publisher | Kerala Bhasha Institute, |
| Year of publication | 1970. |
| 942 ## - ADDED ENTRY ELEMENTS (KOHA) | |
| Koha item type | Books |
| Withdrawn status | Lost status | Damaged status | Home library | Current library | Date acquired | Accession Number | Koha item type |
|---|---|---|---|---|---|---|---|
| KAUAET | KAUAET | 14/11/2023 | 13162 | Books | |||
| Withdrawn | KAUAET | KAUAET | 16/11/2023 | 13163 | Books |
